Wardlaw's perspectives in nutrition / (Record no. 33618)
[ view plain ]
| 000 -LEADER | |
|---|---|
| fixed length control field | 01900cam a22003978i 4500 |
| 001 - CONTROL NUMBER | |
| control field | 23188683 |
| 003 - CONTROL NUMBER IDENTIFIER | |
| control field | JO-AjAnu |
| 005 - DATE AND TIME OF LATEST TRANSACTION | |
| control field | 20241113095402.0 |
| 008 - FIXED-LENGTH DATA ELEMENTS--GENERAL INFORMATION | |
| fixed length control field | 230616s2024 nyu b 001 0 eng |
| 010 ## - LIBRARY OF CONGRESS CONTROL NUMBER | |
| LC control number | 2023016736 |
| 020 ## - INTERNATIONAL STANDARD BOOK NUMBER | |
| International Standard Book Number | 9781264868452 |
| Qualifying information | (softcover) |
| 020 ## - INTERNATIONAL STANDARD BOOK NUMBER | |
| Canceled/invalid ISBN | 9781266325854 |
| Qualifying information | (ebook) |
| 040 ## - CATALOGING SOURCE | |
| Original cataloging agency | DLC |
| Language of cataloging | eng |
| Description conventions | rda |
| Transcribing agency | DLC |
| Modifying agency | DLC |
| -- | JO-AjAnu |
| 042 ## - AUTHENTICATION CODE | |
| Authentication code | pcc |
| 050 00 - LIBRARY OF CONGRESS CALL NUMBER | |
| Classification number | QP141 |
| Item number | .B995 2022 |
| 082 00 - DEWEY DECIMAL CLASSIFICATION NUMBER | |
| Classification number | 612.3 |
| Edition number | 23/eng/20230908 |
| 100 1# - MAIN ENTRY--PERSONAL NAME | |
| Personal name | Byrd-Bredbenner, Carol, |
| Relator term | author. |
| 245 10 - TITLE STATEMENT | |
| Title | Wardlaw's perspectives in nutrition / |
| Statement of responsibility, etc. | Carol Byrd-Bredbenner, Jacqueline Berning, Danita Kelley, Jacklyn M. Abbot. |
| 246 30 - VARYING FORM OF TITLE | |
| Title proper/short title | Perspectives in nutrition |
| 250 ## - EDITION STATEMENT | |
| Edition statement | edition 12 |
| 263 ## - PROJECTED PUBLICATION DATE | |
| Projected publication date | 2022 |
| 264 #1 - PRODUCTION, PUBLICATION, DISTRIBUTION, MANUFACTURE, AND COPYRIGHT NOTICE | |
| Place of production, publication, distribution, manufacture | New York, NY : |
| Name of producer, publisher, distributor, manufacturer | McGraw Hill, |
| Date of production, publication, distribution, manufacture, or copyright notice | [2022] |
| 300 ## - PHYSICAL DESCRIPTION | |
| Extent | pages cm |
| 336 ## - CONTENT TYPE | |
| Content type term | text |
| Content type code | txt |
| Source | rdacontent |
| 337 ## - MEDIA TYPE | |
| Media type term | unmediated |
| Media type code | n |
| Source | rdamedia |
| 338 ## - CARRIER TYPE | |
| Carrier type term | volume |
| Carrier type code | nc |
| Source | rdacarrier |
| 504 ## - BIBLIOGRAPHY, ETC. NOTE | |
| Bibliography, etc. note | Includes bibliographical references and index. |
| 520 ## - SUMMARY, ETC. | |
| Summary, etc. | "We live longer than our ancestors did, so preventing age-related diseases is more important now than ever before. Today, many people want to know more about how nutritious dietary choices can bring the goal of a long, healthy life within reach. They may wonder what the best dietary choices are, how nutrients contribute to health, or if multivitamin and mineral supplements are needed. How can people know if they are eating too much saturated fat, trans fat, or cholesterol? Why are carbohydrates important? Is it possible to get too much protein?"-- |
| Assigning source | Provided by publisher. |
| 650 #0 - SUBJECT ADDED ENTRY--TOPICAL TERM | |
| Topical term or geographic name entry element | Nutrition. |
| 700 1# - ADDED ENTRY--PERSONAL NAME | |
| Personal name | Berning, Jacqueline R., |
| Relator term | author. |
| 700 1# - ADDED ENTRY--PERSONAL NAME | |
| Personal name | Kelley, Danita S., |
| Relator term | author. |
| 700 1# - ADDED ENTRY--PERSONAL NAME | |
| Personal name | Abbot, Jackie, |
| Relator term | author. |
| 906 ## - LOCAL DATA ELEMENT F, LDF (RLIN) | |
| a | 7 |
| b | cbc |
| c | orignew |
| d | 1 |
| e | ecip |
| f | 20 |
| g | y-gencatlg |
| 942 ## - ADDED ENTRY ELEMENTS (KOHA) | |
| Source of classification or shelving scheme | Library of Congress Classification |
| Koha item type | Books |
| Suppress in OPAC | No |
| Withdrawn status | Lost status | Source of classification or shelving scheme | Damaged status | Not for loan | Home library | Current library | Date acquired | Total Checkouts | Full call number | Barcode | Date last seen | Price effective from | Koha item type |
|---|---|---|---|---|---|---|---|---|---|---|---|---|---|
| Library of Congress Classification | مكتبة جامعة عجلون الوطنية | مكتبة جامعة عجلون الوطنية | 05/08/2024 | QP141.B995 2022 | e3839 | 05/08/2024 | 05/08/2024 | Books | |||||
| Library of Congress Classification | مكتبة جامعة عجلون الوطنية | مكتبة جامعة عجلون الوطنية | 05/08/2024 | QP141.B995 2022 | e3840 | 05/08/2024 | 05/08/2024 | Books |